[Event "AUTO-INT-622"]
[Site "http://www.queenalice.com/game.php?id=274568"]
[Date "2007.9.20"]
[Round "1"]
[White "cristiana"]
[Black "shouou"]
[Result "0-1"]
[WhiteElo "1443"]
[BlackElo "1681"]

1. e4 e5 2. d4 exd4 3. Qxd4 Nc6 4. Qd5 Qe7 5. Bc4 Qe6 6. Ne2 Qxd5 7. Bxd5 Nf6 8.
f3 Bc5 9. Nbc3 O-O 10. h4 d6 11. Bg5 Nxd5 12. Nxd5 Bb6 13. c3 Be6 14. Nef4 Bxd5
15. Nxd5 Ne5 16. O-O-O f6 17. Ne7+ Kh8 18. Bf4 Rfe8 19. Nf5 Rad8 20. h5 c6 21.
h6 g6 22. Nxd6 Re7 23. Nxb7 Rxb7 24. Rd2 Nd3+ 25. Kc2 Nxf4 26. g4 Rxd2+ 27. Kxd2
Rd7+ 28. Kc2 Be3 29. b4 Rd2+ 30. Kb3 Nd3 31. g5 Bxg5 32. a4 Ne5 33. b5 cxb5 34.
axb5 Nxf3 35. Rf1 Ne5 36. c4 Rd3+ 37. Kc2 Rd4 38. Ra1 Rxc4+ 39. Kb3 Bxh6 40.
Rxa7 Rxe4 41. Ra8+ Kg7 42. b6 Nd7 43. b7 Nc5+ 44. Kc3 Nxb7 45. Ra7 Re7 46. Kb4
Rf7 47. Kb5 Nd6+ 48. Kb6 Be3+ 49. Kc6 Rxa7 50. Kxd6 Kf7 0-1

[Event "Challenge"]
[Site "http://www.queenalice.com/game.php?id=287858"]
[Date "2007.10.17"]
[Round "-"]
[White "renanr3"]
[Black "shouou"]
[Result "0-1"]
[WhiteElo "1205"]
[BlackElo "1687"]

1. e3 e5 2. b3 d6 3. g4 Nc6 4. d4 exd4 5. exd4 Qe7+ 6. Be3 Be6 7. c3 O-O-O 8. d5
Bd7 9. dxc6 Bxc6 10. Nf3 Nf6 11. g5 Ng4 12. Qd4 Nxe3 13. fxe3 Bxf3 14. Rg1 Kb8
15. Rg3 Bc6 16. Bc4 f6 17. h4 Qe5 18. Qf4 Qxf4 19. exf4 Re8+ 20. Be2 fxg5 21.
hxg5 g6 22. Kd1 h6 23. Bd3 Be4 24. Nd2 d5 25. Bb5 c6 26. Be2 hxg5 27. Rxg5 Rh1+
28. Bf1 Bd3 29. Rc1 Ba3 30. Rg3 Bxf1 31. Nxf1 Rxf1+ 32. Kc2 Bxc1 33. Kd3 Bxf4
34. Rxg6 Rf3+ 35. Kc2 Re2+ 36. Kd1 Rxa2 37. Rg1 Rff2 38. Rg4 Rf1# 0-1

[Event "AUTO-INT-589"]
[Site "http://www.queenalice.com/game.php?id=301198"]
[Date "2007.11.9"]
[Round "2"]
[White "Petruzza"]
[Black "shouou"]
[Result "1/2-1/2"]
[WhiteElo "1649"]
[BlackElo "1715"]

1. e3 e5 2. Qh5 Nc6 3. Bc4 Nh6 4. d4 Qe7 5. d5 Na5 6. b3 Nxc4 7. bxc4 Qb4+ 8.
Nd2 Qc3 9. Rb1 d6 10. Qd1 Bg4 11. Nf3 Be7 12. Bb2 Qa5 13. h3 Bxf3 14. gxf3 O-O
15. Rg1 f6 16. f4 c6 17. fxe5 fxe5 18. dxc6 bxc6 19. c3 d5 20. Nb3 Qd8 21. cxd5
cxd5 22. Nc1 Bh4 23. Nd3 Bf6 24. Ba3 Rf7 25. f3 Bh4+ 26. Ke2 Qf6 27. Qf1 e4 28.
fxe4 Qa6 29. Qd1 Qxa3 30. exd5 Qxa2+ 31. Rb2 Qxd5 32. Rb4 Qf3+ 33. Kd2 Qxh3 34.
Nf4 Rd8+ 35. Rd4 Qc8 36. Kc2 Nf5 37. Rxd8+ Bxd8 38. Re1 Bf6 39. Nd5 Rd7 40.
Nxf6+ gxf6 41. Rg1+ Kf7 42. Qh5+ Ke7 43. Qxf5 Rd2+ 44. Kxd2 Qxf5 45. Rg7+ Ke6
46. Rxa7 Qf2+ 47. Kd3 Kd5 48. Rd7+ Ke5 49. c4 Qe1 50. Rd5+ Ke6 51. Kd4 Qd1+ 52.
Kc5 Qe2 53. Kd4 Qd2+ 54. Ke4 Qxd5+ 55. cxd5+ Kd6 56. Kd4 h5 57. e4 h4 58. Ke3
1/2-1/2

[Event "AUTO-INT-589"]
[Site "http://www.queenalice.com/game.php?id=301199"]
[Date "2007.11.9"]
[Round "2"]
[White "shouou"]
[Black "Petruzza"]
[Result "0-1"]
[WhiteElo "1737"]
[BlackElo "1597"]

1. e4 e6 2. d4 Bb4+ 3. c3 Bf8 4. Nf3 Nf6 5. Bd3 b6 6. O-O Ba6 7. Bg5 h6 8. Bxf6
gxf6 9. e5 f5 10. Nfd2 Bxd3 11. Re1 Rg8 12. g3 f4 13. Kh1 fxg3 14. fxg3 c5 15.
Nf3 c4 16. Nbd2 h5 17. Nh4 Na6 18. Ne4 Be7 19. Nd6+ Bxd6 20. exd6 Qb8 21. Qxh5
Qxd6 22. Nf5 Qd5+ 23. Kg1 Bxf5 0-1

[Event "AUTO-INT-589"]
[Site "http://www.queenalice.com/game.php?id=301206"]
[Date "2007.11.9"]
[Round "2"]
[White "shouou"]
[Black "doran"]
[Result "0-1"]
[WhiteElo "1709"]
[BlackElo "1996"]

1. e4 g6 2. d4 Bg7 3. Nf3 c6 4. Nc3 d5 5. e5 Bg4 6. Be2 f6 7. Bf4 Nh6 8. Qd2 Nf7
9. h3 Bf5 10. Bd3 Bxd3 11. Qxd3 fxe5 12. Nxe5 Nxe5 13. Bxe5 Bxe5 14. dxe5 O-O
15. O-O e6 16. Ne2 Nd7 17. f4 Nc5 18. Qd4 Ne4 19. Qe3 Qb6 20. Qxb6 axb6 21. a3
Nd2 22. Rfd1 Nc4 23. Nc1 Nxb2 24. Rd2 Nc4 0-1

[Event "AUTO-INT-589"]
[Site "http://www.queenalice.com/game.php?id=301207"]
[Date "2007.11.9"]
[Round "2"]
[White "doran"]
[Black "shouou"]
[Result "1-0"]
[WhiteElo "1987"]
[BlackElo "1714"]

1. Nf3 d5 2. d3 e6 3. g3 Nf6 4. Nbd2 c6 5. Bg2 Bd6 6. O-O O-O 7. e4 e5 8. Re1 d4
9. Nc4 Be6 10. Nfxe5 Bxe5 11. Nxe5 Nbd7 12. Nxd7 Qxd7 13. f4 Bh3 14. f5 Bxg2 15.
Kxg2 c5 16. Bg5 Qc6 17. Qf3 Rae8 18. Re2 h6 19. Bf4 Kh7 20. g4 g6 21. Qh3 g5 22.
Bxg5 1-0

[Event "AUTO-INT-622"]
[Site "http://www.queenalice.com/game.php?id=372297"]
[Date "2008.3.16"]
[Round "2"]
[White "shouou"]
[Black "jamescow"]
[Result "0-1"]
[WhiteElo "1733"]
[BlackElo "1938"]

1. e4 e5 2. Nf3 Nc6 3. Bb5 a6 4. Ba4 Nf6 5. d3 b5 6. Bb3 Be7 7. O-O O-O 8. Be3
d6 9. c3 Bg4 10. Nbd2 Na5 11. Bc2 c5 12. d4 Nc6 13. d5 Nb8 14. h3 Bc8 15. b3
Nbd7 16. Nh2 Re8 17. f4 Nf8 18. c4 b4 19. Ndf3 Ng6 20. Ng5 Nxf4 0-1

[Event "AUTO-INT-622"]
[Site "http://www.queenalice.com/game.php?id=372298"]
[Date "2008.3.16"]
[Round "2"]
[White "jamescow"]
[Black "shouou"]
[Result "1-0"]
[WhiteElo "1946"]
[BlackElo "1725"]

1. e4 e6 2. d4 d5 3. Nc3 Nf6 4. Bg5 Nbd7 5. Nf3 Be7 6. Bd3 dxe4 7. Nxe4 Nxe4 8.
Bxe7 Qxe7 9. Bxe4 O-O 10. O-O Rb8 11. Qd3 g6 12. Rad1 f5 13. Rfe1 Nf6 14. Bxf5
gxf5 15. Qxf5 Qf7 16. Qe5 Re8 17. Ng5 Qg7 18. Re3 Ng4 19. Qxg7+ Kxg7 20. Rg3 e5
21. dxe5 Nxe5 22. Ne6+ Kf6 23. Nxc7 Bg4 24. Nxe8+ 1-0

[Event "Let's Play Chess!"]
[Site "http://www.queenalice.com/game.php?id=635435"]
[Date "2009.8.13"]
[Round "-"]
[White "BobySponja"]
[Black "shouou"]
[Result "1-0"]
[WhiteElo "1728"]
[BlackElo "1704"]

1. e4 e6 2. Bc4 d5 3. exd5 exd5 4. Qe2+ Be6 5. Bb3 Nf6 6. Nf3 Bc5 7. d4 Be7 8.
O-O O-O 9. c3 c5 10. dxc5 Bxc5 11. Be3 Bxe3 12. Qxe3 Nc6 13. Nbd2 Qd6 14. Rfe1
Ng4 15. Qg5 Nge5 16. Nxe5 f6 17. Qh5 fxe5 18. Rad1 Rad8 19. Nf3 Rf5 20. Qh4 Qe7
21. Qxe7 Nxe7 22. Rxe5 Rxe5 23. Nxe5 Nc6 24. Nd3 Bf7 25. Nf4 Ne7 26. h3 g5 27.
Nd3 b6 28. Ne5 Be6 29. c4 d4 30. Nf3 Nf5 31. Ne5 Rd6 32. Rd2 Kg7 33. c5 bxc5 34.
Bxe6 Rxe6 35. Nf3 Rd6 36. Nxg5 c4 37. Kf1 h6 38. Nf3 d3 39. Ne5 Kf6 40. Nxc4 Rd5
41. b3 1-0

[Event "Challenge"]
[Site "http://www.queenalice.com/game.php?id=683129"]
[Date "2009.11.14"]
[Round "-"]
[White "thedead"]
[Black "shouou"]
[Result "0-1"]
[WhiteElo "1602"]
[BlackElo "1689"]

1. e4 e6 2. d4 d5 3. e5 c5 4. c3 c4 5. Nf3 b5 6. a3 Nc6 7. b4 Bb7 8. g3 Nge7 9.
Bg2 Nc8 10. O-O Nb6 11. Re1 a5 12. Bb2 Be7 13. Nbd2 O-O 14. Nf1 axb4 15. axb4
Rxa1 16. Qxa1 Na4 17. Bc1 Qc7 18. Bd2 f6 19. exf6 Rxf6 20. Ng5 Bc8 21. Re2 Nd8
22. Qb1 g6 23. Ne3 Rf8 24. Ng4 Bxg5 25. Bxg5 Nxc3 0-1